00475nam a2200193 a 4500001001300000003000900013005001700022008004100039020000800080082001700088100002200105245002000127260003900147300001000186500003500196505001000231650001800241700002200259nice12345678IN_TiNIC20260116012927.0050524s1385 luca grp 000 0 urd  ac200a297.09bNAQ2 aNaqvi, S Ali Naqi aTarikh-E-Islam. aLucknowbSarfraz Qaumi Pressc1385 a204p. aincludes index and biblioraphy2 aIndex aIslam-History1 aNaqvi, S Ali Naqi